Wars Involving Turkey - Statistics

General Stats
  • This quiz has been taken 96 times
  • The average score is 5 of 22
Answer Stats
Year Allies Enemies Result Answer % Correct
1945 Allied Powers GermanyJapan Victory World War 2
81%
1950-1953 South KoreaUS Led Coalition North KoreaChina Soviet Union Ceasefire Korean War
73%
2016-Present Syrian OppositionUS Led Coalition SyriaRussia Iran Iraq Islamic State Kurdish Syria Various Islamic Extremists Ongoing Syrian Civil War
48%
2001-2021 AfghanistanUS Led Coalition Northern Alliance AfghanistanTaliban Al-Qaeda Various Islamic Extremists Defeat Afghan War
41%
1995 NATO Republic of Srpska Stalemate Bosnian War
33%
1998-1999 KosovoNATO Yugoslavia Stalemate Kosovo War
33%
1919-1922 None Greece Victory Greco-Turkish War
28%
1919-1923 None Ottoman EmpireGreece France Armenia United Kingdom Georgia United States Victory War of Independence
23%
2015-Present IraqIraqi Kurdistan Islamic State Ongoing War on ISIS
19%
1918-1921 None France Victory Franco-Turkish War
17%
1992-1995 US Led Coalition Somalia Victory Somali Civil War
15%
2020 Government of National AccordSyrian Interim Government Libyan House of RepresentativesSyria Russian Mercenaries Egypt UAE Sudan Islamic State Various Islamic Extremists Ceasefire 2nd Libyan Civil War
12%
1920 None Armenia Victory Turkish-Armenian War
12%
1974 Northern Cyprus CyprusGreece Victory Turkish Invasion of Cyprus
12%
2011 National Transitional CouncilQatar NATO Libya Victory 1st Libyan Civil War
8%
1937-1938 None Dersim Tribes Victory Dersim Rebellion
8%
1927-1930 None Kurdish Ararat Victory Ararat Rebellion
7%
1925 None Sunni Zaza Tribes Victory Sheikh Said Rebellion
5%
1963-1964 Northern Cyprus Cyprus Ceasefire Cyprus Crisis
3%
1978-Present None Various Kurdish Rebels Ongoing Kurdish-Turkish Conflict
3%
1976-1980 None Turkish Communists and Leftists Victory Political Violence in Turkey
1%
1997 Kurdish Democratic Party Kurdish Nationalists and Socialists Ceasefire Iraqi Kurdish Civil War
0%
No matching quizzes found
Score Distribution
Percent of People with Each Score
Percentile by Number Answered
Your Score History
You have not taken this quiz